Thực hành hóa học hữu cơ

Enregistré dans:
Détails bibliographiques
Format: Livre
Langue:Undetermined
Publié: Hà Nội KHKT 1976
Sujets:
Tags: Ajouter un tag
Pas de tags, Soyez le premier à ajouter un tag!
Thư viện lưu trữ: Trung tâm Học liệu Trường Đại học Cần Thơ
LEADER 00482nam a2200169Ia 4500
001 CTU_2888
008 210402s9999 xx 000 0 und d
082 |a 547.0028 
082 |b Th552/T1 
245 0 |a Thực hành hóa học hữu cơ 
245 0 |c Phan Tống Sơn 
260 |a Hà Nội 
260 |b KHKT 
260 |c 1976 
650 |a chemistry, organic - laboratory manuals 
904 |i Minh, 960830 
980 |a Trung tâm Học liệu Trường Đại học Cần Thơ